Libros de la Biblia católica - Estadísticas

Estadísticas generales
  • Esta prueba ha sido intentada 16 veces
  • La puntuación promedio es 26 de 73
Estadísticas de respuestas
categorie Hint Respuesta % Correcto
Wet 1 Génesis
100%
Profetie 73 El Apocalipsis de Juan
93%
Overige brieven 69 Primera epístola de Juan
93%
Overige brieven 70 Segunda epístola de Juan
93%
Overige brieven 71 Tercera epístola de Juan
93%
Evangelie 50 Juan
86%
Evangelie 49 Lucas
86%
Evangelie 47 Mateo
79%
Overige brieven 67 Primera epístola de Pedro
79%
Overige brieven 68 Segunda epístola de Pedro
79%
Wet 2 Éxodo
71%
Evangelie 48 Marcos
71%
Wet 5 Deuteronomio
64%
Wet 3 Levitico
64%
Kleine profeten 45 Zacarías
64%
Brieven van Paulus 53 Primera epístola a los corintios
50%
Poëzie 23 Salmos
50%
Brieven van Paulus 54 Segunda epístola a los corintios
50%
Brieven van Paulus 52 Epístola a los romanos
43%
Overige brieven 72 Epístola de Judas
43%
Geschiedenis 2 51 Hechos de los Apóstoles
43%
Geschiedenis 12 II Reyes
43%
Geschiedenis 11 I Reyes
43%
Grote profeten 30 Jeremías
43%
Geschiedenis 6 Josué
43%
Grote profeten 34 Daniel
36%
Grote profeten 33 Ezequiel
36%
Poëzie 22 Job
36%
Brieven van Paulus 59 Primera epístola a los tesalonicenses
36%
Poëzie 24 Proverbios
36%
Brieven van Paulus 60 Segunda epístola a los tesalonicenses
36%
Brieven van Paulus 57 Epístola a los filipenses
29%
Overige brieven 66 Epístola de Santiago
29%
Geschiedenis 19 Ester
29%
Geschiedenis 10 II Samuel
29%
Grote profeten 29 Isaías
29%
Geschiedenis 9 I Samuel
29%
Kleine profeten 39 Jonás
29%
Geschiedenis 7 Jueces
29%
Grote profeten 31 Lamentaciones
29%
Kleine profeten 37 Amós
21%
Brieven van Paulus 58 Epístola a los colosenses
21%
Brieven van Paulus 56 Epístola a los efesios
21%
Overige brieven 65 Epístola a los hebreos
21%
Brieven van Paulus 55 Epístola a lost gálatas
21%
Kleine profeten 42 Habacuc
21%
Kleine profeten 46 Malaquías
21%
Kleine profeten 40 Miqueas
21%
Brieven van Paulus 61 Primera epístola a Timoteo
21%
Brieven van Paulus 62 Segunda epístola a Timoteo
21%
Geschiedenis 17 Tobías
21%
Poëzie 26 Cantar de los Cantares
14%
Poëzie 28 Eclesiástico
14%
Brieven van Paulus 64 Epístola a Filemón
14%
Kleine profeten 44 Hageo
14%
Geschiedenis 13 I Crónicas
14%
Geschiedenis 14 II Crónicas
14%
Geschiedenis 21 II Macabeos
14%
Geschiedenis 20 I Macabeos
14%
Kleine profeten 36 Joel
14%
Geschiedenis 18 Judit
14%
Geschiedenis 8 Rut
14%
Kleine profeten 38 Abdías
7%
Poëzie 25 Eclesiastés
7%
Brieven van Paulus 63 Epístola a Tito
7%
Geschiedenis 15 Esdras
7%
Kleine profeten 41 Nahum
7%
Kleine profeten 35 Oseas
7%
Poëzie 27 Sabiduría
7%
Kleine profeten 43 Sofonías
7%
Grote profeten 32 Baruch
0%
Geschiedenis 16 Nehemías
0%
Wet 4 Númeri
0%
No se encontraron pruebas coincidentes
Distribución de puntuación
Porcentaje de gente con cada puntuación
Porcentaje por número respondido
Historial de tus puntuaciones
No has intentado esta prueba.